| 000 | 00479cam a2200181ua 4500 | ||
|---|---|---|---|
| 020 | _a0 08 029792 7 | ||
| 041 |
_aeng _h |
||
| 082 |
_a633.08 _bLOC/IN |
||
| 100 | _aLockhart, J A R . | ||
| 245 |
_aIntroduction to crop husbandary: Including grass land / _cJ AR Lockhart. _hTextual Documents |
||
| 250 |
_a5 / _b. |
||
| 260 |
_aOxford : _bPergamon Press , _c1983. |
||
| 300 | _a256 ; . | ||
| 504 | _a | ||
| 700 | 1 | _aWiseman, A J L . | |
| 942 | _cBK | ||
| 999 |
_c9421 _d9421 |
||